Every Tier5-Tier8 ore in Mining Tech roblox - Statistics

General Stats
  • This quiz has been taken 4 times
  • The average score is 3 of 172
Answer Stats
Layer Answer Tier % Correct
Dirt Trechmannite 8
75%
Hard Basalt Chihmingite 5
25%
Hard Dirt Isocubanite 5
25%
Hard Dirt Kingsmountite 7
25%
Dirt Simonellite 5
25%
Hard Rock Smithsonite 5
25%
Rock Xiangjiangite 8
25%
Very Hard Bedrock Xingzhongite 8
25%
Hard Metal Rock Zhanghengite 6
25%
Soil Zincolivenite 7
25%
Very Hard Upper Mantle Agricolaite 5
0%
Dirt Albertiniite 7
0%
Soil Alexearlite 5
0%
Very Hard Rock Allabogdanite 8
0%
Hard Dirt Allargentum 5
0%
Hard Bedrock Alleghanyite 6
0%
Hard Basalt Anorthominasragite 8
0%
Very Hard Rock Antitaenite 5
0%
Bedrock Ariginerite 5
0%
Very Hard Bedrock Arrheniusite 5
0%
Very Hard Bedrock Arsenopyrite 6
0%
Dirt Arsenudinaite 7
0%
Very Hard Dirt Auricupride 5
0%
Hard Metal Rock Aurihydrargyrumite 8
0%
Hard Bedrock Barytocalcite 7
0%
Light Soil Baumhauerite 6
0%
Light Soil Bayanoboite 5
0%
Bedrock Belyankinite 6
0%
Metal Rock Bismuthinite 8
0%
Hard Dirt Bohdanowiczite 8
0%
Hard Basalt Botallackite 6
0%
Very Hard Basalt Boulangerite 6
0%
Very Hard Metal Rock Brugnatellite 7
0%
Light Soil Bukovskyite 5
0%
Very Hard Dirt Cabalzarite 5
0%
Very Hard Basalt Cadmoindite 5
0%
Very Hard Dirt Cadmoselite 5
0%
Very Hard Dirt Cadwaladerite 7
0%
Very Hard Bedrock Calcinaksite 5
0%
Soil Campigliaite 6
0%
Very Hard Bedrock Canfieldite 5
0%
Hard Basalt Carbocalumite 7
0%
Metal Rock Carlosruizite 7
0%
Basalt Caryopilite 5
0%
Bedrock Cassiterite 5
0%
Very Hard Metal Rock Chalchanthite 7
0%
Metal Rock Chalcopyrite 6
0%
Hard Metal Rock Changebaiite 5
0%
Hard Bedrock Chloroxiphite 7
0%
Hard Dirt Chrysocolla 5
0%
Very Hard Bedrock Chvaleticeite 7
0%
Rock Clinohedrite 6
0%
Very Hard Bedrock Conichalcite 6
0%
Basalt Desautelsite 6
0%
Bedrock Dmitryyvarlamovite 8
0%
Hard Bedrock Dumortierite 6
0%
Basalt Edingtonite 5
0%
Light Soil Falcondoite 5
0%
Hard Metal Rock Ferriphoxite 6
0%
Hard Metal Rock Finescreekite 7
0%
Light Soil Fluosigaiite 7
0%
Very Hard Basalt Fourmarierite 7
0%
Hard Basalt Fraipontite 5
0%
Dirt Frankamenite 6
0%
Very Hard Upper Mantle Glaucophane 5
0%
Hard Metal Rock Glecklerite 5
0%
Rock Grandreefite 7
0%
Hard Basalt Grundmannite 6
0%
Dirt Guilleminite 6
0%
Very Hard Metal Rock Haineaulite 5
0%
Dirt Hallimondite 5
0%
Rock Halotrichite 5
0%
Hard Basalt Hemihedrite 5
0%
Very Hard Bedrock Hendricksite 6
0%
Metal Rock Hutchinsonite 7
0%
Hard Bedrock Hydrotalcite 8
0%
Basalt Icosahedrite 6
0%
Bedrock Jarosewichite 7
0%
Hard Rock Jermejevite 6
0%
Very Hard Basalt Kambaldaite 5
0%
Basalt Kamitugaite 5
0%
Very Hard Dirt Karwowskiite 6
0%
Rock Katayamalite 6
0%
Basalt Kovdorskite 5
0%
Light Soil Kratochvilite 7
0%
Light Soil Kriovichevite 8
0%
Hard Rock Kryachkoite 5
0%
Bedrock Kurnakovite 5
0%
Hard Rock Kutnohorite 5
0%
Very Hard Metal Rock Labradorite 5
0%
Very Hard Bedrock Laitakarite 5
0%
Rock Lansfordite 5
0%
Very Hard Rock Leadhillite 5
0%
Hard Rock Lepidocrocite 7
0%
Hard Dirt Libethenite 5
0%
Very Hard Dirt Livingstone 7
0%
Metal Rock Macaulayite 5
0%
Rock Makovickyite 7
0%
Hard Rock Mansfieldite 7
0%
Very Hard Basalt Markascherite 7
0%
Hard Dirt Mathesiusite 7
0%
Hard Rock Matienneite 6
0%
Metal Rock Mcauslanite 5
0%
Rock Mcbrineyite 5
0%
Soil Medenbachite 6
0%
Very Hard Dirt Melanterite 5
0%
Hard Bedrock Merenskyite 5
0%
Soil Metazeunerite 7
0%
Very Hard Basalt Mitryaevaite 6
0%
Hard Basalt Molybdenite 5
0%
Light Soil Monticellite 6
0%
Soil Naldretite 5
0%
Very Hard Rock Natrojarosite 7
0%
Very Hard Dirt Natrokomarovite 8
0%
Bedrock Niedermayrite 7
0%
Hard Metal Rock Niobobaotite 6
0%
Light Soil Niobohotite 6
0%
Very Hard Bedrock Nishanbaevite 7
0%
Very Hard Metal Rock Northstarite 6
0%
Very Hard Metal Rock Paratobermorite 8
0%
Very Hard Basalt Parawulffite 6
0%
Bedrock Pharmacolite 6
0%
Soil Phosphosiderite 8
0%
Bedrock Pizgrischite 6
0%
Hard Bedrock Plattnerite 5
0%
Soil Playfarite 5
0%
Hard Rock Poiekhobskyite 8
0%
Dirt Povondraite 5
0%
Very Hard Metal Rock Rhodplumsite 6
0%
Metal Rock Rhomboclase 5
0%
Hard Metal Rock Ringwoodite 5
0%
Hard Bedrock Rittmannite 5
0%
Rock Riversideite 5
0%
Hard Bedrock Rosenbergite 6
0%
Very Hard Rock Rutherfordine 7
0%
Very Hard Metal Rock Samuelsonite 6
0%
Soil Sangenariote 6
0%
Very Hard Rock Savelievaite 6
0%
Very Hard Metal Rock Serendibite 5
0%
Basalt Shirokshinite 7
0%
Very Hard Metal Rock Shulamtite 5
0%
Bedrock Sillimanite 5
0%
Hard Basalt Sklodowskite 6
0%
Very Hard Basalt Skorpionite 5
0%
Hard Dirt Skutterudite 6
0%
Dirt Sperlingite 5
0%
Hard Dirt Steverusitite 6
0%
Hard Metal Rock Strashimirite 7
0%
Dirt Strontianite 6
0%
Basalt Strontiojoaquinite 8
0%
Hard Rock Svanbergite 5
0%
Very Hard Rock Tetradymite 5
0%
Very Hard Dirt Tetrahedrite 6
0%
Basalt Tetrataenite 6
0%
Very Hard Rock Tobermorite 5
0%
Basalt Tschermakite 7
0%
Hard Dirt Tschermigite 6
0%
Hard Rock Tsikourasite 6
0%
Hard Bedrock Ungemachite 5
0%
Very Hard Basalt Valentinite 5
0%
Very Hard Dirt Vauquelinite 6
0%
Hard Metal Rock Vermicullite 5
0%
Metal Rock Voronstovite 6
0%
Metal Rock Wakefieldite 6
0%
Metal Rock Watatsumiite 5
0%
Soil Wollastonite 5
0%
Light Soil Xanthoconite 5
0%
Very Hard Rock Xanthoxenite 6
0%
Very Hard Rock Yingjiangite 6
0%
Rock Yttrogummite 6
0%
Very Hard Basalt Zinclipscombite 8
0%
Hard Basalt Zircophyllite 7
0%
No matching quizzes found
Score Distribution
Percent of People with Each Score
Percentile by Number Answered
Your Score History
You have not taken this quiz